MARC

LEADER 00000nam0a2200000 4500
001 273231
005 20231101234617.0
035 |a (RuTPU)RU\TPU\book\296440 
035 |a RU\TPU\book\60950 
090 |a 273231 
100 |a 20141024d1964 m y0rusy50 ca 
101 0 |a rus 
102 |a RU 
105 |a ac j 000zy 
200 1 |a Радиотехника  |f И. П. Жеребцов 
205 |a 5-е изд., перераб. и доп. 
210 |a Москва  |c Связь  |d 1964 
215 |a 663 с.  |c ил., портр. 
316 |5 63413507: М-133027  |a На титульном листе надпись: "Вайнштейн" 
317 |5 63413507: М-133027  |a Поступила в НТБ в 1970 г. в составе книжного собрания профессора ТПИ И. Н. Бутакова 
606 1 |a Радиотехника  |2 stltpush  |3 (RuTPU)RU\TPU\subj\71345  |9 85301 
610 1 |a колебательный контур 
610 1 |a волноводы 
610 1 |a резонаторы 
610 1 |a радиоволны 
610 1 |a распространение 
610 1 |a антенны 
610 1 |a ионные приборы 
610 1 |a электронные приборы 
610 1 |a полупроводниковые приборы 
610 1 |a выпрямители 
610 1 |a усилители низкой частоты 
610 1 |a генераторы 
610 1 |a радиоприемники 
610 1 |a радиоизмерения 
610 1 |a учебные пособия 
610 1 |a библиотека И. Н. Бутакова 
675 |a 621.37  |v 3 
700 1 |a Жеребцов  |b И. П.  |g Иван Петрович 
801 1 |a RU  |b 63413507  |c 20031117  |g PSBO 
801 2 |a RU  |b 63413507  |c 20190906  |g PSBO 
942 |c BK